| 000 | 00997nam2a2200277 4500 | ||
|---|---|---|---|
| 001 | RU\NLR\bibl\535733 | ||
| 005 | 20250609152437.0 | ||
| 010 |
_a5-7418-0311-3 _9200 |
||
| 021 |
_aRU _b2004-12351 _9629 |
||
| 035 | _a(NLR Aleph) 000528010 | ||
| 090 |
_a1335062 _c1335062 |
||
| 100 | _a20040702d2004 |||y0rusy50 ca | ||
| 101 | 0 | _arus | |
| 102 | _aRU | ||
| 105 | _ay ||||||||| | ||
| 200 | 0 | _aСказ первый | |
| 210 |
_d2004 _aБ. м. |
||
| 215 | _a89,[1] с. | ||
| 461 | 0 |
_1001RU\NLR\bibl\794022 _12001#$aПро Настасью - дочь царя и ее богатыря$vСказ первый _91075331 _aОлин, Д. (1932-) _cМ. _d2004 _fДаниил Олин _nИзд-во Моск. гос. горн. ун-та _tПро Настасью - дочь царя и ее богатыря _vСказ первый |
|
| 686 | _aШ6(2=Р)75-51 | ||
| 801 | 0 |
_aRU _bNLR _c20040702 _gPSBO |
|
| 801 | 1 |
_aRU _bNLR _c20040702 |
|
| 942 | _cBOOK | ||
| 980 | _aNB | ||